000 00898nam a22002777a 4500
001 4399
003 FISKH
005 20240820101505.0
008 240820b cb ||||| |||| 00| 0 eng d
020 _a0590132083
040 _aFISKH
_beng
_cFISKH
_dFISKH
050 _aPZ7.P75186
082 _a813
100 _aPolacci, Patricia
_eauthor
245 _aMy Rotten Redheaded Older Brother /
_cby Patricia Polacco
260 _aNew York :
_bScholastic ;
_c1994 .
300 _a28 unnumbered pages :
_bcolor illustrations ;
_c28 cm .
490 _a Rotten Richie
505 _aO
520 _aAfter losing running, climbing, throwing, and burping competitions to her obnoxious older brother, a young girl makes a wish on a falling star.
521 8 _a630
_bLexile
521 8 _aO
_bRaz-PLus
600 _2brother
_vrealistic fiction
942 _2ddc
_cBK
_n0
999 _c4399
_d4399